00766nam a2200193Ia 4500003000400000005001700004008004100021040000900062082001500071100005000086245009100136260002500227300000800252650001100260942003600271952012300307952012900430999001300559OSt20210901145051.0190216s9999||||xx |||||||||||||| ||und|| coclc a297bALM/H aAl Mahmud, Al Shaikh Abdullah Bin Zaid 98736 0aAl Hukmi Al Sharaae Fi Jalaka Al Saniwal Bidh /cAl Shaikh Abdullah Bin Zaid Al Mahmud bMoohim Publication,  a84p aArabic cBK2ddch297iALM/Hk297mALM/H 00102ddc40708ISLAMaMESbMEScARBd2019-02-20l0o297 ALM/Hp11340r2019-02-20 00:00:00t1w2019-02-20yREFzU15R4 00102ddc40708ISLAMaMESbMEScARBd2019-02-20g5.00l0o297 ALM/Hp13905r2019-02-20 00:00:00t2w2019-02-20yREFzU15R4 c335d335